01552nam a22003377a 4500003000400000005001700004008004100021040002200062082001800084100003000102245003000132260006000162300002100222366000800243490002800251505001200279505004500291505029700336505001200633650006000645650005200705650005300757650004300810650004500853650005600898650004700954700003601001942002901037999001501066952013301081OSt20230616102510.0221006b |||||||| |||| 00| 0 eng d cBiblioteca Lado V a709.05bG851a 9855aGriffin, Timeeditor aArtforum/bInternacional/ aNew Yorkc2000bNew York editorial and business offices c26.5x27cma210p. eeng aSUMMERv2000x0864-1315 tLetters tCOLUMNSaBooks TV News Music Top Ten tFEATURESaX-Acto Science: Tom Friedman Interiority Complex: Gregor Schneider A Thousand Words: Kerry James Marshall Dutchman's Breaches Two Pops: Edward Ruscha and Wayne Thiebaud Towers of London: Louise Bourgeois Towards a Funner Laocoon: The New LA Sculpture Openings: Paul Pfeiffer  tREVIEWS 2Tesauro de Arte & ArquitecturaaARTE COMTEMPORANEO9703 2Tesauro de Arte & ArquitecturaaFOTOGRAFIA9702 2Tesauro de Arte & ArquitecturaaARTE VISUAL9702 2Tesauro de Arte & ArquitecturaaLIBROS 2Tesauro de Arte & ArquitecturaaNOTICIAS 2 Tesauro de Arte & ArquitecturaaARTE INTERNACIONAL 2 Tesauro de Arte & ArquitecturaaESCULTURA aNavarreta, Jose Antonioeeditor 2ddcc1h709.05iG851an0 c3855d3855 00102ddc3200040708RevistasaLVbLVd2023-06-16hSUMMERi002508l0o709.05 G851ap002508r2023-06-16 00:00:00w2023-06-16y1